000 00764nam a2200265 i 4500
001 000006100
003 DO-SdBNP
005 20250731092322.0
007 ta
008 250531s1981 dr 000 0 spa d
040 _aDO-SdBNP
_bspa
_cBNPHU
_erda
041 _hspa
082 _axxx
_bM593
_222
245 1 0 _aMetodos generales de trabajo y técnicas de investigación y del trabajo intelectual
264 _aSanto Domingo :
_bEditores Anónimo,
_c1981
300 _a172 páginas. ;
_c22 cm.
336 _ardacontent
_btexto
_2txt
337 _ardamedia
_bsin mediación
_2n
338 _ardacarrier
_bvolumen
_2nc
590 _aInventariado,2025/DG
650 4 _aPoesía dominicana
650 4 _aLiteratura dominicana
910 _aDG
942 _2ddc
_cLBS1
999 _c59689
_d59689